Kvasenie vysoko koncentrovaných mladín

Saved in:
Bibliographic Details
Main Author: Pátková, Jaroslava (Author)
Format: Manuscript Book
Language:Slovak
Published: Bratislava : STU v Bratislave ChtF, 2000
Edition:Obháj.: 21.9.2000
Tags: Add Tag
No Tags, Be the first to tag this record!

MARC

LEADER 00000ntm a22000003a 4500
001 stu57027
005 20150617225653.3
008 010221s2000----xo------------------slo-d
040 |a STU  |b slo 
041 0 |a slo 
044 |a xo 
080 |a 577.15(043.3) 
080 |a 663.1(043.3) 
100 1 |a Pátková, Jaroslava  |4 aut 
245 1 |a Kvasenie vysoko koncentrovaných mladín 
250 |a Obháj.: 21.9.2000 
260 |a Bratislava :  |b STU v Bratislave ChtF,  |c 2000 
300 |a 43 s.Grafy,lit 
500 |a Katedra biochemickej technolňogie 
996 |b 284C018929  |c C*KD446  |l CCI  |s A  |a 24  |w stu57027_0001